000 00366nam a22001577a 4500
003 MPLRDC
005 20220104144129.0
008 210129b ||||| |||| 00| 0 eng d
082 _a848.4 WMS-8
100 _a无名氏著
245 _a北极风情画
_c
260 _a
_b蔷薇出版社
_c
300 _b
650 _a现代别集
942 _cBK
_o848.4 WMS-8
999 _c46663
_d46653